Trasferimenti più costosi - Stagione 2021-2022 - Statistics

Statistiche generali
  • Questo quiz è stato fatto 104 volte
  • Il punteggio medio è 14 su 20
Statistiche sulle risposte
Costo (M €) Da A Nazione Risposta % Corretto
113 Inter Chelsea Belgio Romelu Lukaku
100%
68 Inter Paris Saint-Germain Marocco Achraf Hakimi
99%
81,6 Fiorentina Juventus Serbia Dušan Vlahović
97%
117,5 Aston Villa Manchester City Inghilterra Jack Grealish
95%
85 Borussia Dortmund Manchester United Inghilterra Jadon Sancho
89%
47 Porto Liverpool Colombia Luis Díaz
81%
40 Chelsea Roma Inghilterra Tammy Abraham
81%
40 Real Madrid Manchester United Francia Raphaël Varane
77%
35 Real Madrid Arsenal Norvegia Martin Ødegaard
76%
35 Udinese Atletico Madrid Argentina Rodrigo De Paul
76%
42,50 Red Bull Lipsia Bayern Monaco Francia Dayot Upamecano
72%
31 Rennes Real Madrid Francia Eduardo Camavinga
71%
31,60 Chelsea Milan Inghilterra/Canada Fikayo Tomori
71%
55 Manchester City Barcellona Spagna Ferran Torres
65%
40 Red Bull Lipsia Liverpool Francia Ibrahima Konaté
62%
42,10 Olympique Lione Newcastle Utd Brasile Bruno Guimarães
61%
32 Bayer Leverkusen Aston Villa Jamaica Leon Bailey
59%
58,50 Brighton Arsenal Inghilterra Ben White
47%
35 Chelsea West Ham Utd Francia Kurt Zouma
38%
38,4 Norwich Aston Villa Argentina/Spagna Emiliano Buendia
30%
Nessun quiz corrispondente trovato
Distribuzione punteggi
Percentuale di utenti per punteggio
Percentile per numero di risposta
I tuoi punteggi nel tempo
Non hai fatto questo quiz